| 000 | 00448nam a2200181Ia 4500 | ||
|---|---|---|---|
| 001 | 1605 | ||
| 005 | 20260306143740.0 | ||
| 008 | 260306t2007||||xx |||||||||||||| ||spa|| | ||
| 041 | _aESP | ||
| 082 |
_a153.1 _bS766 |
||
| 100 |
_aSoprano, Ana María _eAUT |
||
| 245 | 0 |
_aLa memoria del niño: _bDesarrollo normal y trastornos |
|
| 260 | _c2007 | ||
| 300 |
_a208 páginas : _c21 cm. |
||
| 650 | _aGEN | ||
| 654 | _aCPS | ||
| 942 |
_cLIB _dJUS _fJUS _2ddc _n |
||
| 999 |
_c1605 _d1605 |
||